La conversación de los jóvenes pobladores organizados /

Esta ponencia tiene como objetivo dar cuenta de una reflexión sobre la representación social de los jóvenes pobladores urbanos respecto de los actores locales institucionales, reflexión que está inscrita en un marco analítico más general referido a los límites y posibilidades del surgimiento de espa...

Full description

Bibliographic Details
Main Author: Rodríguez, Mauricio
Format: Analitica de revista
Language:Spanish
Published: Santiago, Chile SUR 1994
Subjects:

MARC

LEADER 00000cab a2200000 a 4500
001 037792
003 UAHC_CL
005 20171130161937.0
008 140120s1994 cl 000 spa
952 |0 0  |1 0  |4 0  |6 PROPOSICIONES_24_94_000000000000000  |7 0  |8 COMP  |9 71808  |a BC  |b BC  |c COMP  |d 2017-08-03  |l 0  |o PROPOSICIONES-24/94  |r 2017-08-03 00:00:00  |t 1  |w 2017-08-03  |y REVA 
999 |c 37792  |d 37792 
040 |a UAHC_CL  |c UAHC_CL  |d UAHC_CL 
100 1 |a Rodríguez, Mauricio 
245 1 3 |a La conversación de los jóvenes pobladores organizados /  |c Mauricio Rodríguez. 
260 |b SUR  |c 1994  |a Santiago, Chile 
300 |a pp. 310-318 
310 |a Anual. 
362 0 |a Año 1, no. 1 (nov. 2002)- . 
500 |a En: Proposiciones. no. 24, 1994. pp. 310-318. ISSN. 956208051X. 
520 |a Esta ponencia tiene como objetivo dar cuenta de una reflexión sobre la representación social de los jóvenes pobladores urbanos respecto de los actores locales institucionales, reflexión que está inscrita en un marco analítico más general referido a los límites y posibilidades del surgimiento de espacios de participación juvenil real en el ámbito comunal. 
650 4 |a JUVENTUD  |z CHILE 
650 4 |a ORGANIZACIONES JUVENILES  |z CHILE 
650 4 |a JOVENES  |z CHILE 
900 |a PROPOSICIONES-24/94 
942 |c REVA  |2 ddc